Minister's manual; vol. 3. (Record no. 15647)

000 -LEADER
fixed length control field 00555nam a2200181 a 4500
001 - CONTROL NUMBER
control field :::00014507$&:&@@
003 - CONTROL NUMBER IDENTIFIER
control field OkBaRHE
005 - DATE AND TIME OF LATEST TRANSACTION
control field 20000831091715.0
008 - FIXED-LENGTH DATA ELEMENTS--GENERAL INFORMATION
fixed length control field s1965 j 000 0 eng u
040 ## - CATALOGING SOURCE
Transcribing agency
100 1# - MAIN ENTRY--PERSONAL NAME
Personal name Pickthorn, William E.,
245 10 - TITLE STATEMENT
Title Minister's manual; vol. 3.
260 ## - PUBLICATION, DISTRIBUTION, ETC. (IMPRINT)
Place of publication, distribution, etc Springfield, MO., :
Name of publisher, distributor, etc Gospel Publishing House
Date of publication, distribution, etc c1965
300 ## - PHYSICAL DESCRIPTION
Extent v. (1-3);
Dimensions 17 cm.
650 ## - SUBJECT ADDED ENTRY--TOPICAL TERM
Topical term or geographic name as entry element Occasional Services
942 ## - ADDED ENTRY ELEMENTS (KOHA)
Source of classification or shelving scheme
Koha item type Books
Copies
Lost status Koha item type Source of classification or shelving scheme Copy number Price effective from Withdrawn status Barcode Shelving location Not for loan Date acquired Damaged status Date last seen Permanent Location Full call number
 Books 12010-04-14 14507General Stacks 2010-04-14 2010-04-14RHEMA Bible Training CollegeBV 199 .O3P5